000
00316nam a22001337a 4500
008
171003b xxu||||| |||| 00| 0 eng d
020
_a
9781557989925
041
_a
eng
080
_2
3 ED
_a
159.9
100
_a
48
101
_a
PAI
245
_a
LIBRAARY USE HANDBOOK FOR PSYCHOLOGY
_c
REED.J.G
942
_2
udc
_c
BK
999
_c
31446
_d
31446